| 000 | 01103nam a2200217Ia 4500 | ||
|---|---|---|---|
| 001 | 15871 | ||
| 003 | GE_BSU | ||
| 008 | 181216s||||||||xx |||||||||||||| ||und|| | ||
| 040 | _cGE_BSU | ||
| 080 | _a821.353.1 + 821.353.1(092 ჭავჭავაძე, ი. ) | ||
| 100 | _aჭავჭავაძე, ი. (ილია, 1837-1907) | ||
| 245 | _aთხზულებანი : 2 ტომად.ტ. 1. | ||
| 245 | _bლექსები, პოემები, თარგმნილი ლექსები, მოთხრობები, სცენები, პიესა | ||
| 245 | _cშემდგ.: ნ. ალანია. რედ. ი.არაბული. მხ. ი.დივნაგორცევა | ||
| 260 | _aთბილისი | ||
| 260 | _bსაბჭ. საქართველო | ||
| 260 | _c1977 | ||
| 300 | _a611 გვ. : 1 ფ. პორტრ | ||
| 653 | _aლექსები, პოემები, თარგმნილი ლექსები, მოთხრობები, სცენები, პიესა | ||
| 942 | _cBK | ||
| 999 |
_c48968 _d48968 |
||